[Event "Praia op 2nd"]
[Site "Praia a Mare"]
[Date "2010.04.02"]
[Round "4"]
[White "Dagnino, Marcello"]
[Black "Di Tomaso, Stefano"]
[Result "1-0"]
[WhiteElo "1555"]
[BlackElo "1389"]
[PlyCount "81"]
[EventDate "2010.03.31"]
[EventType "swiss"]
[EventRounds "5"]
[EventCountry "ITA"]
[SourceTitle "EXT 2023"]
[Source "ChessBase"]
[SourceDate "2022.10.05"]
[SourceVersion "1"]
[SourceVersionDate "2022.10.05"]
[SourceQuality "1"]

1. e4 d6 2. b3 Nf6 3. Nc3 e5 4. Nf3 g6 5. Be2 Bg7 6. d3 0-0 7. h3 Nc6 8. Bd2 a6 9. Qc1 Be6 10. Bh6 Kh8 11. Qd2 Ng8 12. Bxg7+ Kxg7 13. d4 exd4 14. Nxd4 Nxd4 15. Qxd4+ Qf6 16. Qxf6+ Nxf6 17. 0-0 b5 18. Bf3 b4 19. e5 Nd5 20. Nxd5 Bxd5 21. Bxd5 Rad8 22. exd6 Rxd6 23. Bc4 Re8 24. Rad1 Rf6 25. Rd7 c5 26. Ra7 Rd8 27. Rxa6 Rxa6 28. Bxa6 Ra8 29. Bd3 Rxa2 30. f3 f5 31. Kf2 Ra7 32. Re1 h5 33. Re5 Rc7 34. Kg3 Kf6 35. Rd5 Kg5 36. h4+ Kh6 37. Rd6 Rf7 38. Kf2 f4 39. Rxg6+ Kh7 40. Rc6+ Kg7 41. Rxc5 1-0

[Event "Praia op 2nd"]
[Site "Praia a Mare"]
[Date "2010.04.02"]
[Round "5"]
[White "Di Tomaso, Stefano"]
[Black "Stoduto, Francescantonio"]
[Result "0-1"]
[WhiteElo "1389"]
[BlackElo "1485"]
[PlyCount "96"]
[EventDate "2010.03.31"]
[EventType "swiss"]
[EventRounds "5"]
[EventCountry "ITA"]
[SourceTitle "EXT 2023"]
[Source "ChessBase"]
[SourceDate "2022.10.05"]
[SourceVersion "1"]
[SourceVersionDate "2022.10.05"]
[SourceQuality "1"]

1. e4 e5 2. Nf3 d6 3. d4 Nc6 4. d5 Nce7 5. Nc3 c6 6. Bd3 Nf6 7. Bc4 b5 8. Bb3 b4 9. Nb1 Nxe4 10. dxc6 Nxc6 11. Bd5 Bf5 12. Bxc6+ Ke7 13. Bxa8 Qxa8 14. c3 Qb7 15. cxb4 Qxb4+ 16. Nbd2 Nf6 17. a3 Qc5 18. Nb3 Qc6 19. 0-0 h6 20. h3 Qc7 21. Be3 Be6 22. Nc1 g5 23. b4 Ne4 24. Nd2 Nc3 25. Qe1 f5 26. Nb1 Nd5 27. Ne2 f4 28. Bd2 Bg7 29. Nbc3 Nb6 30. Rc1 Qb7 31. Nb5 Nc4 32. Nbc3 f3 33. gxf3 Qxf3 34. Ng3 Nxd2 35. Qxd2 Bxh3 36. Nd5+ Kd8 37. Rc8+ Bxc8 38. Qc2 Qxd5 39. Rd1 Qe6 40. Nf5 Qxf5 41. Rxd6+ Ke7 42. Qc7+ Bd7 43. Qxa7 Rd8 44. Rxd7+ Rxd7 45. Qc5+ Ke8 46. Qc8+ Kf7 47. Qc4+ Qe6 48. Qxe6+ Kxe6 0-1